Alle PDC Darts Turniersieger 2016 - Statistiken

Allgemein
  • Dieses Quiz wurde 87 mal gespielt
  • Das Durchschnittsergebnis liegt bei 45 aus 54
Antwortstatistiken
Turnier Land Dartsspieler % Korrekt
The Masters Niederlande Michael van Gerwen
100%
UK Open Qualifier 2 Niederlande Michael van Gerwen
100%
PDC Dutch Darts Masters Niederlande Michael van Gerwen
100%
UK Open Qualifier 5 Niederlande Michael van Gerwen
100%
UK Open Qualifier 6 Niederlande Michael van Gerwen
100%
UK Open Niederlande Michael van Gerwen
100%
PDC German Darts Masters Niederlande Michael van Gerwen
100%
PDPA Players Championship 3 Niederlande Michael van Gerwen
100%
PDC Gibraltar Darts Trophy Niederlande Michael van Gerwen
100%
Premier League Niederlande Michael van Gerwen
100%
Shanghai Masters Niederlande Michael van Gerwen
100%
World Matchplay Niederlande Michael van Gerwen
100%
PDC European Darts Open Niederlande Michael van Gerwen
100%
Perth Masters Niederlande Michael van Gerwen
100%
PDC European Darts Trophy Niederlande Michael van Gerwen
100%
PDC European Darts Grand Prix Niederlande Michael van Gerwen
100%
PDPA Players Championship 14 Niederlande Michael van Gerwen
100%
PDPA Players Championship 15 Niederlande Michael van Gerwen
100%
PDPA Players Championship 16 Niederlande Michael van Gerwen
100%
PDPA Players Championship 17 Niederlande Michael van Gerwen
100%
World Grand Prix Niederlande Michael van Gerwen
100%
European Championship Niederlande Michael van Gerwen
100%
World Series Of Darts Finals Niederlande Michael van Gerwen
100%
Grand Slam Of Darts Niederlande Michael van Gerwen
100%
Players Championship Finals Niederlande Michael van Gerwen
100%
World Darts Championship Schottland Gary Anderson
94%
UK Open Qualifier 4 Schottland Gary Anderson
94%
Dubai Masters Schottland Gary Anderson
94%
Auckland Masters Schottland Gary Anderson
94%
Japan Darts Masters Schottland Gary Anderson
94%
PDPA Players Championship 12 Schottland Gary Anderson
94%
PDPA Players Championship 1 Schottland Peter Wright
94%
PDPA Players Championship 7 Wales Gerwyn Price
93%
PDPA Players Championship 8 Wales Gerwyn Price
93%
UK Open Qualifier 3 England Phil Taylor
85%
PDC Austrian Darts Open England Phil Taylor
85%
Sydney Masters England Phil Taylor
85%
Champions League of Darts England Phil Taylor
85%
PDPA Players Championship 18 Australien Simon Whitlock
85%
PDPA Players Championship 19 Australien Simon Whitlock
85%
PDC International Darts Open Österreich Mensur Suljovic
80%
UK Open Qualifier 1 England Adrian Lewis
78%
PDC European Matchplay England James Wade
76%
PDPA Players Championship 10 England Dave Chisnall
61%
PDC Youth World Championship Australien Corey Cadby
52%
PDPA Players Championship 5 England Ian White
43%
PDPA Players Championship 11 England Ian White
43%
PDPA Players Championship 13 England Ian White
43%
PDPA Players Championship 2 England Stephen Bunting
41%
PDPA Players Championship 4 Niederlande Benito van de Pas
33%
PDPA Players Championship 9 Niederlande Benito van de Pas
33%
PDPA Players Championship 20 Niederlande Benito van de Pas
33%
PDC German Darts Championship England Alan Norris
28%
PDPA Players Championship 6 England Josh Payne
22%
Keine übereinstimmenden Quizze gefunden
Verteilung der Resultate
Anzahl Personen mit jedem Resultat
Perzentil nach korrekt beantworteten Fragen
Ihre Resultats-Entwicklung
Sie haben dieses Quiz noch nicht gespielt